Normal view
MARC view
Entry Topical Term
001 - CONTROL NUMBER
- control field: 48305
003 - CONTROL NUMBER IDENTIFIER
- control field: ARRUPE
005 - DATE AND TIME OF LATEST TRANSACTION
- control field: 20190925103340.0
008 - FIXED-LENGTH DATA ELEMENTS
- fixed length control field: 190925|| aca||aabn | a|a d
040 ## - CATALOGING SOURCE
- Original cataloging agency: ARRUPE
- Transcribing agency: ARRUPE
150 ## - HEADING--TOPICAL TERM
- Topical term or geographic name as entry element: Solar electric systems
670 ## - SOURCE DATA FOUND
- Source citation: Work cat.: (ARRUPE): Hankins, Mark 48304, Solar electric systems for Africa, 1995